[Event "NOR-chT Elite 2324"]
[Site "Norway"]
[Date "2024.02.03"]
[Round "5.36"]
[White "Hammari, Vinjar"]
[Black "Dolgova, Olga"]
[Result "1-0"]
[WhiteElo "1875"]
[BlackElo "2202"]
[PlyCount "141"]
[EventDate "2023.10.27"]
[EventType "team-tourn"]
[EventRounds "9"]
[EventCountry "NOR"]
[SourceTitle "CB16_2024"]
[SourceDate "2024.04.17"]
[SourceVersion "1"]
[SourceVersionDate "2024.04.17"]
[SourceQuality "1"]
[WhiteTeam "Alta"]
[BlackTeam "Offerspill"]
[WhiteTeamCountry "NOR"]
[BlackTeamCountry "NOR"]

1. e4 c6 2. d4 d5 3. exd5 cxd5 4. Bd3 Nc6 5. c3 g6 6. Nf3 Nh6 7. 0-0 Bg7 8. Re1 0-0 9. Bf4 Nf5 10. h3 a6 11. Nbd2 Nd6 12. Qb3 Qa5 13. Ne5 Nd8 14. Ndf3 Ne6 15. Bh2 Rd8 16. Ng4 Nf5 17. Qc2 Nf8 18. a4 Be6 19. Ng5 Nd6 20. Nxe6 Nxe6 21. Ne5 Nf8 22. Bf1 Rac8 23. Qe2 e6 24. Nd3 Qc7 25. Nc5 Qe7 26. a5 Nb5 27. Qd1 Rxc5 28. dxc5 Qxc5 29. Be5 Bxe5 30. Rxe5 Nd7 31. Re3 Nd6 32. Qe1 Nf5 33. Rd3 Qc7 34. Rdd1 Ne5 35. Bd3 Ne7 36. Qe3 N7c6 37. b4 Rc8 38. Be2 Nd7 39. Rac1 Nce5 40. Qg3 Qc6 41. h4 Nc4 42. h5 Nd6 43. Bd3 Nf6 44. hxg6 hxg6 45. Bxg6 Kf8 46. Qh4 Ke7 47. Bd3 Rg8 48. Qd4 Rg4 49. Qc5 Qe8 50. f3 Rg5 51. c4 Nd7 52. Qc7 dxc4 53. Bxc4 Qb8 54. Be2 Qxc7 55. Rxc7 Kd8 56. Rc3 Ne8 57. f4 Rg7 58. Bf3 Nc7 59. Bxb7 f6 60. Rcd3 Nd5 61. Bxd5 exd5 62. Rxd5 Kc7 63. Rxd7+ Rxd7 64. Rxd7+ Kxd7 65. g4 Kd6 66. Kf2 Kd5 67. g5 fxg5 68. fxg5 Ke5 69. Ke3 Kf5 70. b5 axb5 71. a6 1-0

[Event "Zuerich op 36th"]
[Site "Zuerich"]
[Date "2012.12.29"]
[Round "5"]
[White "Zude, Arno"]
[Black "Dolgova, Olga"]
[Result "1/2-1/2"]
[WhiteElo "2467"]
[BlackElo "2227"]
[PlyCount "57"]
[EventDate "2012.12.26"]
[EventType "swiss"]
[EventRounds "7"]
[EventCountry "SUI"]
[SourceTitle "CBM 152 Extra"]
[Source "ChessBase"]
[SourceDate "2013.02.25"]
[SourceVersion "1"]
[SourceVersionDate "2013.02.25"]
[SourceQuality "1"]

1. d4 d5 2. c4 c6 3. Nf3 Nf6 4. Nc3 a6 5. a4 e6 6. g3 Be7 7. Bg2 0-0 8. 0-0 Nbd7 9. a5 Bb4 10. Bd2 dxc4 11. Qa4 Qe7 12. Ne4 Bxd2 13. Nfxd2 e5 14. Qxc4 Nxe4 15. Nxe4 Nf6 16. dxe5 Qxe5 17. Nxf6+ Qxf6 18. Qb4 Re8 19. e3 Re5 20. Rfd1 Rb5 21. Qc3 Qe7 22. Bf1 Rb4 23. Bc4 Be6 24. Bxe6 fxe6 25. Rd2 Rb5 26. Rad1 Rd5 27. e4 Rxd2 28. Qxd2 Rf8 29. Qc3 1/2-1/2

[Event "Chigorin Memorial 20th"]
[Site "St Petersburg"]
[Date "2012.10.29"]
[Round "3"]
[White "Dolgova, Olga"]
[Black "Koshil, Tikhon Stepanovich"]
[Result "1-0"]
[WhiteElo "2250"]
[BlackElo "2048"]
[PlyCount "91"]
[EventDate "2012.10.27"]
[EventType "swiss"]
[EventRounds "9"]
[EventCountry "RUS"]
[SourceTitle "EXT 2013"]
[Source "ChessBase"]
[SourceDate "2012.11.22"]
[SourceVersion "1"]
[SourceVersionDate "2012.11.22"]
[SourceQuality "1"]

1. d4 d5 2. c4 e6 3. Nf3 Nf6 4. g3 Be7 5. Bg2 c6 6. Qc2 Nbd7 7. 0-0 0-0 8. Rd1 Ne4 9. b3 f5 10. Ne1 Qe8 11. Nd3 g5 12. f3 Nd6 13. c5 Nb5 14. e3 Qh5 15. a4 Nc7 16. Nd2 Ne8 17. Bb2 Ng7 18. b4 a6 19. b5 axb5 20. axb5 Rxa1 21. Rxa1 cxb5 22. Qb3 Nb8 23. Qxb5 Nc6 24. Ra8 Qg6 25. f4 g4 26. Nb3 Qe8 27. Na5 Nxa5 28. Qxa5 Qd8 29. Qb4 Qc7 30. Ra7 Qb8 31. Qa5 Bd8 32. Qa2 Bd7 33. Ne5 Bc6 34. Ra8 Qc7 35. Bc3 Be7 36. Ra7 Bf6 37. Nd3 Rb8 38. Ba5 Qc8 39. Bb6 Ne8 40. Nb4 Bd8 41. Nxd5 exd5 42. Bxd5+ Kg7 43. Bxd8 Bxd5 44. Qxd5 Qxd8 45. Rxb7+ Kh6 46. Qe6+ 1-0

[Event "BL 1112 (Women)"]
[Site "Germany"]
[Date "2012.04.22"]
[Round "11.5"]
[White "Gromova, Iulia"]
[Black "Dolgova, Olga"]
[Result "1/2-1/2"]
[WhiteElo "2231"]
[BlackElo "2206"]
[PlyCount "106"]
[EventDate "2011.10.29"]
[EventType "team-tourn"]
[EventRounds "11"]
[EventCountry "GER"]
[SourceTitle "EXT 2013"]
[Source "ChessBase"]
[SourceDate "2012.11.22"]
[SourceVersion "1"]
[SourceVersionDate "2012.11.22"]
[SourceQuality "1"]
[WhiteTeam "Bad Koenigshofen (W)"]
[BlackTeam "Hamburger SK (W)"]
[WhiteTeamCountry "GER"]
[BlackTeamCountry "GER"]

1. Nf3 d5 2. d4 Nf6 3. c4 c6 4. e3 Bg4 5. h3 Bh5 6. Nc3 e6 7. g4 Bg6 8. Nh4 Nbd7 9. Qb3 Qb6 10. Nxg6 hxg6 11. g5 Ng8 12. cxd5 exd5 13. Qxb6 axb6 14. f3 Be7 15. Rg1 Rh5 16. f4 Bb4 17. Bd2 Ne7 18. Ne2 Bxd2+ 19. Kxd2 Nf5 20. Ng3 Nxg3 21. Rxg3 b5 22. b3 Ke7 23. Kc3 Nb6 24. Be2 Rhh8 25. Bg4 Ra3 26. f5 gxf5 27. Bxf5 Na8 28. Rf3 Nc7 29. Raf1 Ne8 30. Kb4 Ra7 31. e4 dxe4 32. Bxe4 f6 33. Re1 Kd6 34. a4 bxa4 35. bxa4 fxg5 36. Rg3 Nf6 37. Rxg5 Rh4 38. Bc2 Rxd4+ 39. Kc3 Rh4 40. Rxg7 Rxh3+ 41. Kb2 Nd5 42. Bb3 Rh2+ 43. Ka3 Rh3 44. Kb2 Ne3 45. Re2 Kc5 46. Re7 Nd5 47. Rc2+ Kd6 48. Rg7 Nb4 49. Rd2+ Kc5 50. Rdd7 Nd3+ 51. Kc2 Nb4+ 52. Kb2 Nd3+ 53. Kc2 Nb4+ 1/2-1/2

[Event "Gibraltar Masters 10th"]
[Site "Caleta"]
[Date "2012.01.26"]
[Round "3"]
[White "Dolgova, Olga"]
[Black "Hunt, Adam"]
[Result "0-1"]
[WhiteElo "2206"]
[BlackElo "2462"]
[PlyCount "132"]
[EventDate "2012.01.24"]
[EventType "swiss"]
[EventRounds "10"]
[EventCountry "GGB"]
[SourceTitle "CBM 147"]
[Source "ChessBase"]
[SourceDate "2012.03.16"]
[SourceVersion "1"]
[SourceVersionDate "2012.03.16"]
[SourceQuality "1"]

1. d4 Nf6 2. Nf3 g6 3. Bg5 Bg7 4. Nbd2 0-0 5. c3 d6 6. e3 b6 7. Be2 Bb7 8. 0-0 c5 9. a4 Nc6 10. Qc2 Rc8 11. Nc4 cxd4 12. exd4 Nb8 13. Ne3 Ne4 14. Bh4 h6 15. Rfd1 Nd7 16. Bd3 f5 17. Ne1 Kh8 18. Qb1 Ndf6 19. f3 Ng5 20. Be2 Ne6 21. Bf2 Nf4 22. Bf1 Qc7 23. Nd3 N4h5 24. Nb4 a5 25. Nbc2 Nf4 26. Na3 Bc6 27. Nb5 Qb7 28. Re1 Rcd8 29. Nc4 g5 30. Qc1 Ng6 31. Ne3 Nh5 32. d5 Bd7 33. Nc4 g4 34. Nxb6 gxf3 35. gxf3 Ne5 36. Qd1 Be8 37. Nc4 Nf4 38. Nxe5 dxe5 39. c4 e6 40. d6 Bh5 41. Ra3 e4 42. Qd2 Ng6 43. fxe4 Ne5 44. exf5 Rxf5 45. Rxe5 Rxe5 46. Bg2 Qf7 47. Qxa5 Rf8 48. Qa7 Qf5 49. Rg3 Bf6 50. Nc3 Qc2 51. Qb6 Qd2 52. Bf1 Re1 53. Kg2 Be5 54. d7 Bxg3 55. hxg3 Bf3+ 56. Kg1 Rxf1+ 57. Kxf1 Qc1+ 58. Be1 Bd5+ 59. Qf2 Rxf2+ 60. Kxf2 Qxb2+ 61. Ke3 Qb6+ 62. Kd3 Bc6 63. Bf2 Qc7 64. Bd4+ Kh7 65. Ne4 Bxe4+ 66. Kxe4 Qxd7 0-1

[Event "BL 1112 (Women)"]
[Site "Germany"]
[Date "2012.01.21"]
[Round "6.6"]
[White "Toth, Lili"]
[Black "Dolgova, Olga"]
[Result "0-1"]
[WhiteElo "2216"]
[BlackElo "2206"]
[PlyCount "116"]
[EventDate "2011.10.29"]
[EventType "team-tourn"]
[EventRounds "11"]
[EventCountry "GER"]
[SourceTitle "EXT 2013"]
[Source "ChessBase"]
[SourceDate "2012.11.22"]
[SourceVersion "1"]
[SourceVersionDate "2012.11.22"]
[SourceQuality "1"]
[WhiteTeam "Friedberg (W)"]
[BlackTeam "Hamburger SK (W)"]
[WhiteTeamCountry "GER"]
[BlackTeamCountry "GER"]

1. d4 d5 2. c4 c6 3. Nc3 Nf6 4. cxd5 cxd5 5. Bf4 Nc6 6. e3 e6 7. Bd3 Bd6 8. Bxd6 Qxd6 9. f4 a6 10. Nf3 b5 11. Ne5 Bb7 12. 0-0 0-0 13. Qf3 Rac8 14. Rac1 Rc7 15. g4 Rfc8 16. Qh3 Na5 17. f5 Ne4 18. fxe6 Qxe6 19. Rce1 Nc4 20. Nxc4 dxc4 21. Bxe4 Bxe4 22. Nxe4 Qxe4 23. Rf4 Qd5 24. Rf5 Qe4 25. Re5 Qd3 26. Qf3 b4 27. Rd1 Qc2 28. d5 Qxb2 29. Qe4 Rf8 30. d6 Rd7 31. Re8 Qf6 32. Rxf8+ Kxf8 33. Qc6 Qd8 34. Qxa6 c3 35. Qc6 g6 36. e4 c2 37. Qxc2 Qb6+ 38. Kg2 Rxd6 39. Rxd6 Qxd6 40. h3 Qd4 41. Kf3 Kg7 42. g5 h6 43. gxh6+ Kxh6 44. Qb3 Kg7 45. Qd5 Qc3+ 46. Kg4 Qc8+ 47. Kg3 f6 48. h4 Qc3+ 49. Kg4 Qe1 50. Qe6 Qe2+ 51. Kf4 Qf2+ 52. Kg4 Kh6 53. Qd5 Qg2+ 54. Kf4 f5 55. Qd8 Qxe4+ 56. Kg3 Qe3+ 57. Kg2 Kh5 58. Qh8+ Kg4 0-1

[Event "BL 1112 (Women)"]
[Site "Germany"]
[Date "2011.10.29"]
[Round "1.4"]
[White "Wagner Michel, Annett"]
[Black "Dolgova, Olga"]
[Result "0-1"]
[WhiteElo "2169"]
[BlackElo "2206"]
[PlyCount "82"]
[EventDate "2011.10.29"]
[EventType "team-tourn"]
[EventRounds "11"]
[EventCountry "GER"]
[SourceTitle "EXT 2013"]
[Source "ChessBase"]
[SourceDate "2012.11.22"]
[SourceVersion "1"]
[SourceVersionDate "2012.11.22"]
[SourceQuality "1"]
[WhiteTeam "Pankow Rotation (W)"]
[BlackTeam "Hamburger SK (W)"]
[WhiteTeamCountry "GER"]
[BlackTeamCountry "GER"]

1. e4 c6 2. d4 d5 3. Nc3 dxe4 4. Nxe4 Bf5 5. Ng3 Bg6 6. Nf3 Nd7 7. h4 h6 8. h5 Bh7 9. Bd3 Bxd3 10. Qxd3 e6 11. Bd2 Ngf6 12. 0-0-0 Be7 13. Qe2 c5 14. dxc5 Qc7 15. Nd4 0-0 16. Nb3 a5 17. Nf5 Bxc5 18. Nxc5 Qxc5 19. Ne3 Rfc8 20. Bc3 b5 21. Rh4 Qg5 22. Rhd4 b4 23. f4 Qxh5 24. Qxh5 Nxh5 25. Rxd7 bxc3 26. f5 cxb2+ 27. Kxb2 Rab8+ 28. Kc1 Nf4 29. fxe6 fxe6 30. R1d6 Rb5 31. Ra6 Rg5 32. g4 Rc3 33. Kd2 Ra3 34. Rd4 Nd5 35. Nc4 Rxa2 36. Rxe6 Nb4 37. Ne3 Rc5 38. Re7 Nxc2 39. Nxc2 Raxc2+ 40. Kd3 R5c3+ 41. Ke4 Re2+ 0-1

[Event "BL 1011 (Women)"]
[Site "Germany"]
[Date "2011.02.20"]
[Round "9.3"]
[White "Dolgova, Olga"]
[Black "Chlost, Marlena"]
[Result "0-1"]
[WhiteElo "2262"]
[BlackElo "2146"]
[PlyCount "118"]
[EventDate "2010.11.06"]
[EventType "team-tourn"]
[EventRounds "11"]
[EventCountry "GER"]
[SourceTitle "EXT 2012"]
[Source "ChessBase"]
[SourceDate "2011.11.24"]
[SourceVersion "1"]
[SourceVersionDate "2011.11.24"]
[SourceQuality "1"]
[WhiteTeam "Hamburger SK (W)"]
[BlackTeam "Torgelow (W)"]
[WhiteTeamCountry "GER"]
[BlackTeamCountry "GER"]

1. d4 Nf6 2. Nf3 g6 3. Bg5 Bg7 4. Nbd2 d5 5. e3 0-0 6. Be2 c5 7. c3 b6 8. Ne5 Nfd7 9. Nd3 c4 10. Nb4 f6 11. Bh4 e6 12. Bf3 a5 13. Nxd5 Ra7 14. Nf4 Qe8 15. Bg3 b5 16. Ne4 e5 17. Nd6 Qe7 18. Bd5+ Kh8 19. Nxg6+ hxg6 20. Qg4 Kh7 21. Nxb5 Nb6 22. Qh4+ Bh6 23. Nxa7 Qxa7 24. Bf3 Bf5 25. dxe5 fxe5 26. Bxe5 g5 27. Qg3 N6d7 28. Bd4 Qa6 29. h4 g4 30. Bxg4 Bd3 31. Be2 Bxe2 32. Kxe2 Qb5 33. Rab1 Qf5 34. Rbd1 Nc6 35. h5 Nde5 36. f3 Rg8 37. Qh2 Qg5 38. Qg1 Qxg2+ 39. Qxg2 Rxg2+ 40. Kf1 Rxb2 41. f4 Nd3 42. Rh4 Nxd4 43. cxd4 Nf2 44. Rc1 Ne4 45. Ke1 c3 46. d5 Bg7 47. Rg4 Rh2 48. f5 Rh1+ 49. Ke2 Rxc1 50. Rxe4 Rc2+ 51. Kd1 Rd2+ 52. Kc1 Rxd5 53. Rf4 Bf6 54. a4 Re5 55. Rf3 Re4 56. Kc2 Rxa4 57. Kd3 Ra2 58. Rf1 Rd2+ 59. Kc4 c2 0-1

[Event "Hoogeveen Unive op"]
[Site "Hoogeveen"]
[Date "2010.10.27"]
[Round "6"]
[White "Dolgova, Olga"]
[Black "Ulybin, Mikhail"]
[Result "0-1"]
[WhiteElo "2262"]
[BlackElo "2544"]
[PlyCount "90"]
[EventDate "2010.10.22"]
[EventType "swiss"]
[EventRounds "9"]
[EventCountry "NED"]
[SourceTitle "EXT 2011"]
[Source "ChessBase"]
[SourceDate "2010.11.26"]
[SourceVersion "1"]
[SourceVersionDate "2010.11.26"]
[SourceQuality "1"]

1. d4 e6 2. c4 f5 3. Nc3 Nf6 4. Bg5 Be7 5. e3 0-0 6. Bd3 d6 7. f3 c5 8. Nge2 Nc6 9. 0-0 Qb6 10. a3 Bd7 11. Rb1 cxd4 12. Na4 Qd8 13. exd4 e5 14. d5 Na5 15. b4 Nxc4 16. Bxc4 b5 17. Nac3 bxc4 18. b5 Qb6+ 19. Kh1 Bd8 20. Qc1 Qb7 21. Rd1 Rc8 22. a4 Ba5 23. Qa3 Qc7 24. Be3 f4 25. Bg1 Bf5 26. Rbc1 Rfd8 27. Na2 Qb7 28. Nec3 e4 29. fxe4 Nxe4 30. Rd4 Re8 31. Nxe4 Bxe4 32. Qxd6 f3 33. Bf2 Bc7 34. Qb4 fxg2+ 35. Kg1 Bxd5 36. Nc3 Bf7 37. Rg4 Rcd8 38. Rxg2 Rd3 39. a5 Bf4 40. Qb2 Bxc1 41. Qxc1 Bd5 42. Rg5 Bf3 43. h4 Qd7 44. Kh2 Rd2 45. Qg1 Qd4 0-1

[Event "Warsaw AIG Life rapid 9th"]
[Site "Warsaw"]
[Date "2009.12.20"]
[Round "9"]
[White "Likavsky, Tomas"]
[Black "Dolgova, Olga"]
[Result "1-0"]
[WhiteElo "2476"]
[BlackElo "2226"]
[PlyCount "96"]
[EventDate "2009.12.19"]
[EventType "swiss (rapid)"]
[EventRounds "13"]
[EventCountry "POL"]
[SourceTitle "CBM 133 Extra"]
[Source "ChessBase"]
[SourceDate "2010.01.05"]
[SourceVersion "1"]
[SourceVersionDate "2010.01.05"]
[SourceQuality "1"]

1. d4 Nf6 2. c4 c5 3. d5 e6 4. Nc3 exd5 5. cxd5 d6 6. Nf3 g6 7. Nd2 Bg7 8. e4 0-0 9. Be2 a6 10. a4 Nbd7 11. 0-0 Qe7 12. h3 Rb8 13. Qc2 Ne8 14. Nc4 Ne5 15. Ne3 f5 16. f4 Nf7 17. Kh1 fxe4 18. Nxe4 Nh6 19. Ng5 Nf5 20. Nxf5 Bxf5 21. Bd3 Nc7 22. Bd2 h6 23. Rae1 Qd7 24. Ne6 Nxe6 25. dxe6 Bxe6 26. Bxg6 Bf5 27. Bxf5 Qxf5 28. Qb3+ Qf7 29. Qb6 Rbd8 30. Bc3 Kh8 31. Bxg7+ Qxg7 32. Re6 Rg8 33. Rg1 Kh7 34. Rxd6 Rxd6 35. Qxd6 Qxb2 36. Qxc5 b5 37. axb5 axb5 38. Qe7+ Rg7 39. Qe4+ Kh8 40. Rb1 Qf2 41. Rc1 Qb2 42. Rc8+ Rg8 43. Rc6 Qa1+ 44. Kh2 Qg7 45. Rb6 b4 46. Rxb4 Qg3+ 47. Kh1 Qc3 48. Rb7 Rg7 1-0

[Event "Warsaw AIG Life rapid 9th"]
[Site "Warsaw"]
[Date "2009.12.20"]
[Round "10"]
[White "Mikrut, Dariusz"]
[Black "Dolgova, Olga"]
[Result "1-0"]
[WhiteElo "2400"]
[BlackElo "2226"]
[PlyCount "61"]
[EventDate "2009.12.19"]
[EventType "swiss (rapid)"]
[EventRounds "13"]
[EventCountry "POL"]
[SourceTitle "CBM 133 Extra"]
[Source "ChessBase"]
[SourceDate "2010.01.05"]
[SourceVersion "1"]
[SourceVersionDate "2010.01.05"]
[SourceQuality "1"]

1. d4 Nf6 2. c4 c5 3. d5 e6 4. Nc3 exd5 5. cxd5 d6 6. e4 g6 7. h3 Bg7 8. Nf3 0-0 9. Bd3 b5 10. Nxb5 Nxe4 11. Bxe4 Qa5+ 12. Nc3 Re8 13. 0-0 Bxc3 14. bxc3 Rxe4 15. Ng5 Re8 16. Qf3 f5 17. Bf4 Nd7 18. Bxd6 Nf6 19. c4 Qa6 20. Bxc5 Qxc4 21. d6 Bd7 22. Rfc1 Qa4 23. Qc3 Nd5 24. Qd2 Nf4 25. Be3 Ne6 26. Nxe6 Rxe6 27. Rd1 Bc6 28. Qd4 Qxd4 29. Rxd4 Rd8 30. Bf4 Rd7 31. Rc1 1-0

[Event "EU-ch (Women) 10th"]
[Site "St Petersburg"]
[Date "2009.03.19"]
[Round "11"]
[White "Dolgova, Olga"]
[Black "Bezgodova, Maria"]
[Result "1-0"]
[WhiteElo "2245"]
[BlackElo "2101"]
[PlyCount "89"]
[EventDate "2009.03.08"]
[EventType "swiss"]
[EventRounds "11"]
[EventCountry "RUS"]
[SourceTitle "CBM 129 Extra"]
[Source "ChessBase"]
[SourceDate "2009.05.05"]
[SourceVersion "2"]
[SourceVersionDate "2009.05.20"]
[SourceQuality "1"]

1. d4 d5 2. Nc3 Nf6 3. Bg5 c5 4. Nf3 Nc6 5. e3 e6 6. Bd3 Be7 7. 0-0 0-0 8. dxc5 Bxc5 9. e4 dxe4 10. Bxf6 Qxf6 11. Nxe4 Qe7 12. Nfg5 g6 13. h4 Bd4 14. c3 Bg7 15. Bc2 h6 16. Nf3 f5 17. Ng3 e5 18. h5 g5 19. Re1 Be6 20. Qe2 Rae8 21. Qb5 g4 22. Nd4 Nxd4 23. cxd4 a6 24. Qa5 Qh4 25. Nf1 f4 26. dxe5 g3 27. f3 Qxh5 28. Rad1 Kh8 29. Rd6 b5 30. b3 Bxe5 31. Rdd1 Bc8 32. Qb4 Bc7 33. Qc3+ Be5 34. Qb4 Qg5 35. Rd5 Qf6 36. Rexe5 a5 37. Qe4 Qb6+ 38. Kh1 Bf5 39. Qe2 Qc6 40. Rd2 Bxc2 41. Rxc2 Qg6 42. Rcc5 Rd8 43. Re6 Rfe8 44. Qe5+ Qg7 45. Rxe8+ 1-0

[Event "EU-ch (Women) 10th"]
[Site "St Petersburg"]
[Date "2009.03.11"]
[Round "4"]
[White "Sokolova, Vera Evgenyevna"]
[Black "Dolgova, Olga"]
[Result "0-1"]
[WhiteElo "2084"]
[BlackElo "2245"]
[PlyCount "88"]
[EventDate "2009.03.08"]
[EventType "swiss"]
[EventRounds "11"]
[EventCountry "RUS"]
[SourceTitle "CBM 129 Extra"]
[Source "ChessBase"]
[SourceDate "2009.05.05"]
[SourceVersion "2"]
[SourceVersionDate "2009.05.20"]
[SourceQuality "1"]

1. e4 c6 2. d4 d5 3. exd5 cxd5 4. c4 Nf6 5. Nc3 e6 6. Nf3 Bb4 7. cxd5 Nxd5 8. Qc2 Nc6 9. Bd3 Ba5 10. a3 h6 11. 0-0 0-0 12. Bh7+ Kh8 13. Be4 Nce7 14. Be3 Nf6 15. Ne5 Nxe4 16. Qxe4 Kg8 17. Rad1 Bxc3 18. bxc3 Nd5 19. Bd2 b5 20. Qg4 Nf6 21. Qh3 Bb7 22. Rde1 Qd5 23. Bc1 Rac8 24. Re3 Ne4 25. Rd3 Nxc3 26. Bd2 Ne2+ 27. Kh1 Nxd4 28. Bxh6 Qxe5 29. Bxg7 Qxg7 30. Rg3 Nf5 31. Rxg7+ Kxg7 32. Qg4+ Kf6 33. Qb4 Rg8 34. Qb2+ Ke7 35. f3 a6 36. Qb4+ Nd6 37. Rd1 Bd5 38. Qd4 Rc7 39. Qb6 Rgc8 40. Qxa6 Rc1 41. Rg1 Ra8 42. Qb6 Rc6 43. Qe3 Nf5 44. Qd2 Ng3+ 0-1

[Event "EU-ch (Women) 10th"]
[Site "St Petersburg"]
[Date "2009.03.10"]
[Round "3"]
[White "Dolgova, Olga"]
[Black "Kosintseva, Tatiana"]
[Result "0-1"]
[WhiteElo "2245"]
[BlackElo "2497"]
[PlyCount "142"]
[EventDate "2009.03.08"]
[EventType "swiss"]
[EventRounds "11"]
[EventCountry "RUS"]
[SourceTitle "CBM 129 Extra"]
[Source "ChessBase"]
[SourceDate "2009.05.05"]
[SourceVersion "2"]
[SourceVersionDate "2009.05.20"]
[SourceQuality "1"]

1. d4 Nf6 2. Nc3 e6 3. Bg5 h6 4. Bxf6 Qxf6 5. e4 Bb4 6. Nf3 0-0 7. Bd3 d6 8. e5 dxe5 9. dxe5 Bxc3+ 10. bxc3 Qe7 11. Qe2 Nd7 12. Qe4 f5 13. exf6 Nxf6 14. Qe3 Nd5 15. Qe4 Nf6 16. Qe3 Bd7 17. Ne5 Be8 18. 0-0 b6 19. Rfe1 Rd8 20. h3 Rd5 21. c4 Rc5 22. Re2 Nd7 23. Ng4 h5 24. Qe4 g6 25. Ne3 Nf6 26. Qd4 Qg7 27. Qb2 Bf7 28. Rae1 Nd7 29. Qxg7+ Kxg7 30. Nf1 Ra5 31. Ra1 Nc5 32. Nd2 Rd8 33. Re3 Ra3 34. Nb3 Rxd3 35. Rxd3 Nxd3 36. cxd3 e5 37. Nc1 e4 38. dxe4 Bxc4 39. Rb1 Kf6 40. Rb2 Ke5 41. f3 Kd4 42. Rd2+ Ke3 43. Rc2 b5 44. e5 Kf4 45. e6 Bxe6 46. Rxc7 Bxa2 47. Rc5 Bc4 48. Kf2 h4 49. Ke1 Ke3 50. Re5+ Kd4 51. Rg5 b4 52. Kd2 a5 53. Rxg6 a4 54. Rg4+ Kd5 55. Rxh4 Ra1 56. Rh5+ Kd4 57. Rh4+ Kc5 58. Rh5+ Kb6 59. Rh6+ Ka5 60. Rh5+ Bb5 61. Kc2 Ra3 62. h4 Rc3+ 63. Kd2 Rc8 64. Ne2 a3 65. Nc1 Ka4 66. Rh7 b3 67. Ra7+ Kb4 68. Nxb3 Kxb3 69. g4 a2 70. h5 Ba4 71. Rb7+ Ka3 0-1

[Event "EU-ch (Women) 10th"]
[Site "St Petersburg"]
[Date "2009.03.09"]
[Round "2"]
[White "Stepovaia, Tatiana"]
[Black "Dolgova, Olga"]
[Result "1/2-1/2"]
[WhiteElo "2379"]
[BlackElo "2245"]
[PlyCount "141"]
[EventDate "2009.03.08"]
[EventType "swiss"]
[EventRounds "11"]
[EventCountry "RUS"]
[SourceTitle "CBM 129 Extra"]
[Source "ChessBase"]
[SourceDate "2009.05.05"]
[SourceVersion "2"]
[SourceVersionDate "2009.05.20"]
[SourceQuality "1"]

1. e4 c6 2. d4 d5 3. exd5 cxd5 4. Bd3 Nc6 5. c3 g6 6. h3 Bg7 7. Nf3 Nh6 8. 0-0 0-0 9. Re1 Nf5 10. Bf4 Nd6 11. Nbd2 Bf5 12. Bf1 Na5 13. b4 Nc6 14. Qb3 Ne8 15. b5 Nb8 16. a4 h6 17. Qb4 Be6 18. Bd3 g5 19. Bh2 Nd7 20. a5 Nef6 21. Ne5 Nxe5 22. Bxe5 Qd7 23. Nf3 Rfe8 24. a6 b6 25. Bh2 Nh7 26. Rxe6 Qxe6 27. Qb1 Nf8 28. Bf5 Qe2 29. Qb3 e6 30. Ra2 Qc4 31. Qxc4 dxc4 32. Be4 Rad8 33. Bc7 Rd5 34. Bxd5 exd5 35. Ne5 Bxe5 36. Bxe5 Nd7 37. Bd6 Re6 38. Bb4 Kg7 39. g4 Re1+ 40. Kg2 Kg6 41. Bd6 f5 42. f4 fxg4 43. hxg4 Re3 44. f5+ Kf6 45. Kf2 Re4 46. Kf3 h5 47. gxh5 Kxf5 48. Rh2 Nf6 49. Bb8 g4+ 50. Kf2 Re7 51. Be5 Ne4+ 52. Kg2 Nxc3 53. h6 Kg6 54. Kg3 Nxb5 55. Kxg4 Rh7 56. Bg7 Nc7 57. Kf4 Ne6+ 58. Ke5 Nxg7 59. hxg7 Rxg7 60. Kxd5 Rc7 61. Kd6 Rc8 62. Kd7 Rf8 63. Kc6 Rf4 64. d5 Kf6 65. d6 c3 66. d7 Rd4 67. Rc2 Ke6 68. Re2+ Kf6 69. Rc2 Ke6 70. Re2+ Kf6 71. Rc2 1/2-1/2

[Event "RUS-ch (Women) 1st League 59th"]
[Site "Smolensk"]
[Date "2009.03.02"]
[Round "5"]
[White "Murashova, Ekaterina"]
[Black "Dolgova, Olga"]
[Result "1-0"]
[WhiteElo "2261"]
[BlackElo "2245"]
[PlyCount "99"]
[EventDate "2009.02.26"]
[EventType "team-tourn"]
[EventRounds "9"]
[EventCountry "RUS"]
[SourceTitle "CBM 129 Extra"]
[Source "ChessBase"]
[SourceDate "2009.05.05"]
[SourceVersion "2"]
[SourceVersionDate "2009.05.20"]
[SourceQuality "1"]

1. e4 c6 2. d3 d5 3. Nd2 g6 4. Ngf3 Bg7 5. g3 e5 6. Bg2 Ne7 7. 0-0 0-0 8. b4 a5 9. bxa5 Qxa5 10. Bb2 d4 11. a4 f6 12. c3 c5 13. cxd4 cxd4 14. Qb3+ Rf7 15. Nc4 Qc7 16. Nb6 Ra6 17. Nxc8 Qxc8 18. Nd2 Qe6 19. Qxe6 Rxe6 20. f4 Nec6 21. fxe5 fxe5 22. Rxf7 Kxf7 23. Nc4 Bf8 24. Bh3 Re8 25. Ba3 Bxa3 26. Rxa3 Re7 27. Rb3 Na6 28. Rb5 Nab4 29. Bf1 Na2 30. a5 Nc3 31. Rb3 Kf6 32. Bh3 Rc7 33. Bg4 Ke7 34. Rb6 Kf8 35. Be6 Na4 36. Rb5 Nc3 37. Rb3 Ne2+ 38. Kg2 Nc1 39. Ra3 Nb4 40. Nxe5 Rc3 41. Ra4 Nbxd3 42. Nxd3 Rxd3 43. Bd5 Rd2+ 44. Kf3 Rb2 45. Rxd4 Ne2 46. Rc4 Ng1+ 47. Kg4 Rb5 48. Kg5 Nf3+ 49. Kf6 Ke8 50. Be6 1-0

[Event "RUS-chT (Women)"]
[Site "Dagomys"]
[Date "2008.04.07"]
[Round "6"]
[White "Dolgova, Olga"]
[Black "Nebolsina, Vera"]
[Result "0-1"]
[WhiteElo "2249"]
[BlackElo "2345"]
[PlyCount "100"]
[EventDate "2008.04.02"]
[EventType "team"]
[EventRounds "9"]
[EventCountry "RUS"]
[SourceTitle "CBM 123 Extra"]
[Source "ChessBase"]
[SourceDate "2008.05.06"]
[SourceVersion "1"]
[SourceVersionDate "2008.05.06"]
[SourceQuality "1"]

1. d4 g6 2. c4 Bg7 3. Nc3 d6 4. g3 Nc6 5. d5 Ne5 6. f4 Ng4 7. h3 N4h6 8. Bg2 Nf5 9. Qd3 e5 10. dxe6 fxe6 11. Bd2 Nge7 12. 0-0-0 Nc6 13. Ne4 a5 14. g4 Nh4 15. Bf1 Bd7 16. Be1 Nb4 17. Qb1 0-0 18. a3 Na6 19. e3 Ba4 20. Ng5 h6 21. Bxh4 hxg5 22. Bxg5 Qe8 23. Bd3 Qc6 24. Rh2 b5 25. Bc2 Qxc4 26. Kd2 Nc5 27. Kc1 Bxc2 28. Qxc2 Qxc2+ 29. Rxc2 b4 30. Nf3 b3 31. Rg2 e5 32. Nh4 exf4 33. Bxf4 Rae8 34. Kd2 g5 35. Bxg5 Ne4+ 36. Kd3 Nxg5 37. Rh1 Ne4 38. Nf5 Nc5+ 39. Kc4 Re4+ 40. Kd5 Rfe8 41. h4 Na4 42. h5 Bxb2 43. h6 Bxa3 44. h7+ Kh8 45. g5 R4e5+ 46. Kc4 Rxf5 47. g6 Bb2 48. Kxb3 Rb5+ 49. Kxa4 Rb4+ 50. Kxa5 c5 0-1